000 00698nam a2200217 4500
003 OSt
005 20240716060655.0
006 a
008 240716b |||||||| |||| 00| 0 eng d
020 _a9780131454170
040 _aDWCL-Main lib.
_cOC
082 _aCirc. 004.0684 F967i 2008
100 _aFuller, Mark A.
245 _aInformation systems project management: a process and team approach /
260 _aN. J. :
_bPearson Education, Inc.,
_cc2008.
300 _axviii,
_b510 p. : ill. ;
_c25 cm.
504 _aIncludes bibliographical references and index.
650 _a1. Project management.
650 _a2. Information resources management.
942 _2ddc
_n0
_cBK-CIRC
_kCirc.
999 _c2250
_d2250